| 000 | 00464nam a2200193Ia 4500 | ||
|---|---|---|---|
| 003 | IN-BaIIA | ||
| 008 | 211028s9999 xx 000 0 eng d | ||
| 040 | _cIIA Library | ||
| 080 |
_a523.9 _bABE |
||
| 100 |
_aAbettin, Giorgio _91458 |
||
| 245 | 4 |
_aThe sun _cGiorgio Abettin |
|
| 260 |
_aLondon _bCrosby Lockwood _c1938 |
||
| 300 | _a360p. | ||
| 650 | _aArchives | ||
| 650 | _aSolar physics | ||
| 650 | _aSolar system | ||
| 650 |
_aSun _91200 |
||
| 942 | _cBK | ||
| 999 |
_c670 _d670 |
||